Bosnian Cities by their Turkish Names - Statistics

General Stats
  • This quiz has been taken 59 times
  • The average score is 6 of 15
Answer Stats
Turkish city name Bosnian city name % Correct
Saraybosna Sarajevo
100%
Sazin Cazin
71%
Köprühisar Mostar
68%
Yayça Jajce
61%
Behke/Beke Bihać
51%
Derbent Derventa
49%
Vizirtrafnik Travnik
49%
Vakıf/Cisr-i Sana Sanski Most
34%
Belene Bijeljina
32%
Türkçe Mustafabeyşehir Livno
22%
Seddicedid Tomislavgrad
20%
Berbir Gradiška
17%
Sebze Žepče
12%
Memlahatun Živinice
10%
Türkçe Yenişehir Zavidovići
7%
No matching quizzes found
Score Distribution
Percent of People with Each Score
Percentile by Number Answered
Your Score History
You have not taken this quiz